01522cam a22003134 4500001001300000003000400013005001700017008004100034010001700075040001900092043001200111050002000123066000700143110013500150245013200285246005800417260008700475300002100562500001500583500001700598650005400615650006200669710006900731880013500800880011300935880007901048880006401127999001701191unk85037891 DLC20260227112803.0851011s1940 cc 100 0 chi  aunk85037891  aDLCcCarPdDLC aa-cc-kc00aKNQ8202.3b1939 c$11 6880-01aGuangxi Sheng (China).bLin shi can yi huin(1st, 2nd session :d1939 December 1-18 ;cKuangxi Sheng zheng fu da li tang)106880-02aGuangxi sheng lin shi can yi hui [di yi jie] di er ci da hui ji lu /cGuangxi Sheng lin shi can yi hui mi shu chu bian.30aGuangxi sheng lin shi can yi hui di 2 ci da hui ji lu 6880-03a[Guilin] :bGuangxi Sheng lin shi can yi hui mi shu chu,cMinguo 29 [1940] a370 p. ;b21 cm. aRomanized. actl: lan-chi 0aLawzChinazGuangxi Zhuangzu ZizhiquvCongresses. 0aLegislationzChinazGuangxi Zhuangzu ZizhiquvCongresses.1 6880-04aGuangxi Sheng (China).bLin shi can yi hui.bMi shu chu.1 6110-01/$1aGuangxi Sheng (China).b臨時參議會n(1st, 2nd session :d1939 December 1-18 ;cKuangxi Sheng zheng fu da li tang)106245-02/$1a廣西省臨時參議會[第一屆]第二次大會紀錄 /c廣西省臨時參議會祕書處編. 6260-03/$1a[桂林] :b廣西省臨時參議會祕書處,c民國29 [1940]1 6710-04/$1a廣西省 (China).b臨時參議會.b祕書處. c91649d91649